|
|
|
|
| LEADER |
00000nam a2200000 a 4500 |
| 001 |
vtls011557175 |
| 003 |
SK-MaSNL |
| 005 |
20260426010724.0 |
| 008 |
240318s2011 pl ob 000 0 pol |
| 015 |
|
|
|a SNBZSA2016
|
| 020 |
|
|
|a 9788360306734
|q (brožované)
|
| 035 |
|
|
|a 550A53EA-10B5-4ECD-9831-49DE791246AA
|
| 035 |
|
|
|a urn:nbn:sk:snk-am3h4fv
|
| 035 |
|
|
|a urn:nbn:sk:snk-am00cmtt
|
| 040 |
|
|
|a SNK
|b slo
|c SNK
|e AACR2
|
| 041 |
0 |
|
|a pol
|
| 043 |
|
|
|a e-pl---
|a e-xo---
|
| 044 |
|
|
|a pl
|c PL
|
| 072 |
|
7 |
|a 27
|x Kresťanstvo. Kresťanská cirkev všeobecne. Ekleziológia
|2 konspekt
|
| 080 |
|
|
|a 551.4.035(438)
|2 2011
|
| 080 |
|
|
|a (437.671)
|2 2011
|
| 080 |
|
|
|a 27-774
|2 2011
|
| 080 |
|
|
|a 272
|2 2011
|
| 080 |
|
|
|a (438)
|2 2011
|
| 080 |
|
|
|a (437.6)
|2 2011
|
| 080 |
|
|
|a (048.8)
|2 2011
|
| 100 |
1 |
|
|a Trajdos, Tadeusz Mikołaj,
|d 1951-
|4 aut
|9 664070
|
| 245 |
1 |
0 |
|a Z dziejów wsi i parafii Zamagurza Spiskiego
|c Tadeusz M. Trajdos
|
| 260 |
|
|
|a Nowy Targ
|b Zakład Poligraficzny "MK"
|a Łapsze Niżne
|b Związek Polskiego Spisza
|c 2011
|
| 300 |
|
|
|a 199 s.
|b fotogr., mp.
|c 21 cm
|
| 504 |
|
|
|a Bibliogr. odkazy
|
| 648 |
|
7 |
|a 15.-19. stor.
|2 SNKPH
|9 314040
|
| 650 |
0 |
7 |
|a farnosti
|2 SNKPH
|9 3772
|
| 650 |
0 |
7 |
|a Parishes
|2 SNKPHeng
|9 306072
|
| 650 |
0 |
7 |
|a Catolicism
|2 SNKPHeng
|9 265753
|
| 650 |
0 |
7 |
|a katolicizmus
|2 SNKPH
|9 4024
|
| 651 |
|
7 |
|a Pieniny (Poľsko a Slovensko : pohorie)
|2 SNKPH
|9 17492
|
| 651 |
|
7 |
|a Pieniny (Poland and Slovakia : mountains)
|2 SNKPHeng
|9 325644
|
| 651 |
|
7 |
|a Prešovský kraj (Slovensko)
|2 SNKPH
|9 161504
|
| 651 |
|
7 |
|a Prešovský region (Slovakia)
|2 SNKPHeng
|9 568468
|
| 651 |
|
7 |
|a Poľsko
|2 SNKPHgeo
|9 16755
|
| 651 |
|
7 |
|a Slovensko
|2 SNKPHgeo
|9 14231
|
| 655 |
|
7 |
|a monografie
|2 SNKPH
|9 70139
|
| 655 |
|
7 |
|a Monographs
|2 SNKPHeng
|9 120675
|
| 919 |
|
|
|a 978-83-60306-73-4
|
| 958 |
|
|
|a ZS
|
| 958 |
|
|
|a NB
|
| 999 |
|
|
|c 1042621
|d 1044551
|
| 952 |
|
|
|a SNK
|b SNK
|y PREZ
|7 0
|p 17A1198639
|o snkSC 170464
|i snk2016/15925
|8 2
|g 6.37
|0 0
|1 0
|4 0
|d 2016-06-02
|f 1
|l 0
|r 2025-09-08 00:00:00
|w 2026-02-24
|